000 00660naa a22001697a 4500
008 250227e20250314xxk|||||ov|||o00| | eng d
041 _aeng
245 _aPatarkatsishvili and another v Woodward-Fisher
_b [2025] EWHC 265 (Ch)
260 _bChancery Division
_c10 February 2025
520 _aThe judge held the seller had been dishonest for not disclosing treatment for moths.
650 _aRESIDENTIAL PROPERTY
650 _aFRAUDULENT MISREPRESENTATION
650 _aSALE OF PROPERTY
651 _aUnited Kingdom
690 _aResidential property
_96266
856 _uhttps://www.bailii.org/ew/cases/EWHC/Ch/2025/265.html
_zJudgement available on BAILII
999 _c122122
_d122122